00877 2200277 4500001002100000005001500021035002500036008004100061040001700102082002000119084002200139090002600161090002200187090002200209100005800231245009500289260004700384300004200431650002300473850001200496007000300508999002200511999002200533990002200555990002200577INLIS00000000000347220200616115406 a0010-041500000000538150408s2014 yoia g ind d aYOPDYOGbind04222a959.8235021 a959.8235021 BAD k aDEP 959.8235021 BAD k aCB-D.11 2014-1458 aCB-D.11 2014-15320 aBadan Perencanaan Pembangunan Daerah Kabupaten Sleman00aKecamatan Sleman dalam angka 2014 /cBadan Perencanaan Pembangunan Daerah Kabupaten Sleman3 aYogyakarta :bBPPD Kabupaten Sleman,c2014 avii, 85 halaman :bilustrasi ;c20 cm 4aSleman - statistik aYOPDYOGta aCB-D.11/2014-1458 aCB-D.11/2014-1532 aCB-D.11/2014-1532 aCB-D.11/2014-1458